Представление документа в формате RUSMARC

ПолеНазваниеЗначение
  Тип записи a
  Библиографический уровень m
001 Контрольный номер RU/REG73/CBS_GRAD/89d3ca5663204677b98a4c1e645f0322
005 Дата корректировки 20250610083317.7
010 Индекс ISBN __
9 Тираж 72 000 экз.
100 Данные общей обработки __
a Данные общей обработки 20250213a2025 021|||u0rusy0189 ca
101 Язык документа 0_
a Язык текста rus
102 Страна публикации __
a Страна публикации RU
200 Заглавие и сведения об ответственности 1_
a Заглавие № 5 (661) (10 февраля)
210 Выходные данные 1_
d Дата издания 2025
461 Уровень набора _0
1 2001
a Страна Росатом
e газета атомной отрасли
f учредитель ООО "НВМ-пресс"
v № 5 (661) (10 февраля)
1 2101
a Москва
d 2010-
1 001RU/REG73/CBS_GRAD/69824d762cd54358bdeac17477725bee
1 300
a выходит еженедельно
1 333
a 16+
801 Источник записи _0
a Страна RU
b Организация RuCBSGrad
c Дата составления 20250213
g Правила каталогизации RCR
801 Источник записи _1
a Страна RU
b Организация RuCBSGrad
c Дата составления 20250213
g Правила каталогизации RCR
852 Данные о местонахождении __
a Наименование организации МБУК ЦБС г. Димитровграда
901 Тип документа __
t Тип документа h
w Контрольный № источника RU/REG73/CBS_GRAD/69824d762cd54358bdeac17477725bee